000 00444nam a2200205Ia 4500
003 OSt
005 20220923230926.0
006 a|||||r|||| 00| 0
007 ta
008 Pun
024 _a306,525
037 _cTextual
040 _aARTS
_cARTS
_bPun
041 _2Pun
_aPun
082 _aP153, J5
245 0 _aਪੰਜਾਬੀ ਦੁਨਿਆ
260 _c1955
942 _hP153, J5
_cTEXL
_2CC
999 _c388305
_d388305